| 000 | 01328nac a22003011u 4500 | ||
|---|---|---|---|
| 090 | _c538 | ||
| 008 | 081106t xxu||||| |||| 00| 0 eng d | ||
| 020 | _a0072229527 (pbk.) | ||
| 020 | _a0070590265 | ||
| 082 |
_a005.7575 _bS2856 |
||
| 100 | _aScardina, Mark V. | ||
| 245 | 1 | 0 |
_aXML & SQL : design, build & manage XML applications in Java, C, C++ & PL/SQL / _aOracle Database 10g : _cMark V. Scardina, Ben Chang, Jinyu Wang. |
| 246 | 3 | _aOracle Database ten g | |
| 246 | 3 | _aXML & SQL, design, build & manage XML applications in Java, C, C++ & PL/SQL | |
| 246 | 3 | _aXML and SQL, design, build and manage XML applications in Java, C, C++, and PL/SQL | |
| 260 |
_aLondon : _bMcGraw-Hill, _c2004. |
||
| 300 |
_axxi, 572 p. _bill. ; _c24 cm. |
||
| 500 | _a"Oracle Press"--T.p. | ||
| 500 | _a"All the code in the book will be downloadable from the Oracle Press web site"--P. xx. | ||
| 500 |
_aFormerly CIP. _a5 Uk |
||
| 504 | _aIncludes bibliographical references and index. | ||
| 650 | _aXML (Document markup language) | ||
| 650 | _aDatabase management. | ||
| 700 | _aChang, Ben. | ||
| 700 | _aWang, Jinyu. | ||
| 942 |
_cBB _k005.7575S2856 _2ddc |
||
| 999 |
_c538 _d538 |
||